000 00417 a2200133 4500
001 91617
082 _aPR 1584
090 _c43771
_d43770
100 _aJamshaid Mehdi; Prof Jamil Ahmed and Sikander Hayat, Advisors
245 _aTo Design a Database for PAF Academy Library and Develop its Application for Internet
_n53 "B" EC
260 _aRawalpindi
_bNUST
_c2001
300 _a100p
500 _aBE Project Reports
942 _aCAE NUST
_kPR 1584
999 _c326690
_d326690